Načítá se...

Labour economics /

Podrobná bibliografie
Hlavní autor: Mittal A C, Ed
Další autoři: Sharma, Sanjay Prakash, Ed
Médium: Printed Book
Jazyk:English
Vydáno: Jaipur: RBSA publishers, 2002.
LEADER 00762nam a2200157Ia 4500
008 121027s9999 xx 000 0 eng d
020 |a 8176111244 
082 |a 331  |b MIT/L 
100 |a Mittal A C, Ed. 
245 |a Labour economics / 
260 |a Jaipur:  |b RBSA publishers,  |c 2002. 
300 |a 192p 
505 |a 1. Culture of poverty 2. Labour migration in India 3. Child labour in India 4. Labour demand and supply responsiveness of cotton in Madurai District, Tamil Nadu 5. Technology and employment 6. Male and female participation in economic activities, 196 
700 |a Sharma, Sanjay Prakash, Ed. 
999 |c 53883  |d 53883 
952 |0 0  |1 0  |4 0  |6 331_000000000000000_MIT_L  |7 0  |9 53861  |a UL  |b UL  |c ST1  |d 2012-10-27  |l 1  |o 331 MIT/L  |p 77368  |r 2018-07-01  |s 2018-04-27  |w 2012-10-27  |y BK